000 00493nam a2200181Ia 4500
003 OSt
005 20260303104253.0
008 211028s2003 xx 000 0 und d
040 _cAIMIT LIBRARY
041 _aeng
082 _a621.3821 SHAM
100 _aShammas, Mohammed;Gunaseelan, A.
_g92170
_92228
110 _aGunaseelan, A.
_92229
245 _aRemote monitoring on mobile network /
260 _aBangalore
_c2003
710 _aTATA Consultancy Services
_92230
942 _2ddc
_cPRO
999 _c216827
_d216827